000 00967cam a2200289 i 4500
001 3617412
003 EG-ScBUE
005 20230413093115.0
008 730503t1973 paua f b 001 0 eng d
040 _aDLC
_beng
_erda
_cDLC
_dDLC
_dEG-ScBUE
082 0 4 _a789.9
_222
_bDOU
100 1 _aDouglas, Alan,
_d1899-1999,
_eauthor.
245 1 0 _aElectronic music production /
_cAlan Douglas, senior member IEEE Associate, Incorporated Society of Organ Builders.
264 1 _aBlue Ridge Summit :
_bTAB Books,
_c[1973]
264 4 _cc1973
300 _a148 pages :
_billustrations ;
_c23 cm
336 _2rdacontent
_atext
_btxt
337 _2rdamedia
_aunmediated
_bn
338 _2rdacarrier
_avolume
_bnc
504 _aIncludes bibliographical references and index.
650 7 _aElectronic musical instruments.
_2BUEsh
650 7 _aMusic
_xAcoustics and physics.
_2BUEsh
651 _2BUEsh
653 _bGGEN
_cMarch2018
655 _vReading book
942 _2ddc
_cBB
999 _c26400
_d26372